LIBRARY & INFORMATION CENTRE, KCAET, TAVANUR

ONLINE PUBLIC ACCESS CATALOGUE (OPAC)

2500 Solved problems in differential equations / (Record no. 2953)

MARC details
000 -LEADER
fixed length control field 00495cam a2200193ua 4500
041 ## - LANGUAGE CODE
Language code of text/sound track or separate title eng
082 ## - DEWEY DECIMAL CLASSIFICATION NUMBER
Classification number 515.35076
Item number BRO/DI
100 ## - MAIN ENTRY--AUTHOR NAME
Personal name Bronson , Richard .
245 ## - TITLE STATEMENT
Title 2500 Solved problems in differential equations /
250 ## - EDITION STATEMENT
Edition statement 1 /
260 ## - PUBLICATION, DISTRIBUTION, ETC. (IMPRINT)
Place of publication New York :
Name of publisher McGraw Hill Book Company ,
Year of publication 1988.
300 ## - PHYSICAL DESCRIPTION
Number of Pages 440 ; .
500 ## - GENERAL NOTE
General note 18334 CSS
942 ## - ADDED ENTRY ELEMENTS (KOHA)
Koha item type Books
Holdings
Withdrawn status Lost status Damaged status Home library Current library Date acquired Full call number Accession Number Koha item type
      KAUAET KAUAET 07/04/2012 515.35076 18334 Books
free website counter